| 000 | 01682cam a2200361 a 4500 | ||
|---|---|---|---|
| 001 | 14960772 | ||
| 005 | 20170105102347.0 | ||
| 008 | 070810s2008 enk b 001 0 eng | ||
| 010 | _a 2007033390 | ||
| 020 | _a9780470518472 (cloth) | ||
| 020 | _a0470518472 (cloth) | ||
| 035 | _a(OCoLC)ocn164570891 | ||
| 035 | _a(OCoLC)164570891 | ||
| 040 |
_aDLC _cDLC _dBAKER _dBTCTA _dYDXCP _dBWKUK _dDLC |
||
| 050 | 0 | 0 |
_aTK5103.485 _b.M575 2008 |
| 082 | 0 | 0 |
_a621.384 _222 |
| 100 | 1 | _aMišić, Jelena. | |
| 245 | 1 | 0 |
_aWireless personal area networks : performance, interconnections and security with IEEE 802.15.4 _bperformance, interconnections and security with IEEE 802.15.4 _cJelena Misic and Vojislav B. Mišić. |
| 260 |
_aChichester, England ; _aHoboken, NJ : _bWiley, _cc2008. |
||
| 300 |
_axxi, 313 p. ; _c26 cm. |
||
| 490 | 0 | _aWiley series on wireless communications and mobile computing | |
| 504 | _aIncludes bibliographical references (p. [303]-309) and index. | ||
| 650 | 0 |
_aPersonal communication service systems _xStandards. |
|
| 650 | 0 | _aWireless LANs. | |
| 650 | 0 | _aBluetooth technology. | |
| 700 | 1 | _aMišić, Vojislav B. | |
| 856 | 4 | 2 |
_3Publisher description _uhttp://www.loc.gov/catdir/enhancements/fy0743/2007033390-d.html |
| 856 | 4 | 1 |
_3Table of contents only _uhttp://www.loc.gov/catdir/enhancements/fy0743/2007033390-t.html |
| 856 | 4 | 2 |
_3Contributor biographical information _uhttp://www.loc.gov/catdir/enhancements/fy0810/2007033390-b.html |
| 906 |
_a7 _bcbc _corignew _d1 _eecip _f20 _gy-gencatlg |
||
| 942 |
_2ddc _cBK |
||
| 999 |
_c11731 _d11731 |
||